书目信息 |
| 题名: |
中国战略性新兴产业研究与发展
|
|
| 作者: | 金伟 , 高远洋 主编 | |
| 分册: | 通用航空 | |
| 出版信息: | 北京 机械工业出版社 2021.01 |
|
| 页数: | XVIII, 382页 | |
| 开本: | 24cm | |
| 丛书名: | ||
| 单 册: | ||
| 中图分类: | F269.24 , F426.5 | |
| 科图分类: | ||
| 主题词: | 新兴产业--xin xing chan ye--产业发展--研究--中国 , 航空航天工业--hang kong hang tian gong ye--产业发展--研究--中国 | |
| 电子资源: | ||
| ISBN: | 978-7-111-67219-7 | |
| 000 | 01749nam 2200325 450 | |
| 001 | 202021190528 | |
| 005 | 20211025120124.0 | |
| 010 | @a978-7-111-67219-7@dCNY178.00 | |
| 100 | @a20210919d2021 em y0chiy50 ea | |
| 101 | 0 | @achi |
| 102 | @aCN@b110000 | |
| 105 | @aa a 000yy | |
| 106 | @ar | |
| 200 | 1 | @a中国战略性新兴产业研究与发展@Azhong guo zhan lue xing xin xing chan ye yan jiu yu fa zhan@i通用航空@d= R&D of china's strategic new industries@iGeneral aviation@f金伟, 高远洋主编@zeng |
| 210 | @a北京@c机械工业出版社@d2021.01 | |
| 215 | @aXVIII, 382页@c图@d24cm | |
| 300 | @a国家出版基金项目 | |
| 314 | @a金伟, 工业和信息化部装备工业发展中心研究员, 中国无人机产业创新联盟副秘书长。高远洋, 管理学博士, 著名通用航空产业专家, 北京航空航天大学通用航空产业研究中心主任。 | |
| 320 | @a有书目 (第379-382页) | |
| 330 | @a本书共分为基础篇、国际篇、产业篇、园区篇、政策篇、展望篇, 共6大部分18章, 从通用航空概念、内涵及其产业链出发, 阐述了全球主要发达国家和地区通用航空产业的发展情况, 总结了先进国家的发展经验, 详述了我国通用航空的产业现状, 并从产业总体情况、制造、运营、服务、通用机场及地面保障、通用航空小镇、飞行营地和低空开放及其他政策环境方面进行了深入分析, 总结了通用航空产业的发展经验, 剖析了影响通用航空产业发展的因素, 指出了通用航空产业发展的机遇与面临的挑战。 | |
| 510 | 1 | @aR&D of china's strategic new industries@iGeneral aviation@zeng |
| 517 | 1 | @a通用航空@Atong yong hang kong |
| 606 | 0 | @a新兴产业@Axin xing chan ye@x产业发展@x研究@y中国 |
| 606 | 0 | @a航空航天工业@Ahang kong hang tian gong ye@x产业发展@x研究@y中国 |
| 690 | @aF269.24@v5 | |
| 690 | @aF426.5@v5 | |
| 701 | 0 | @a金伟@Ajin wei@4主编 |
| 701 | 0 | @a高远洋@Agao yuan yang@4主编 |
| 801 | 0 | @aCN@c20210909 |
| 905 | @a河南城建学院图书馆@dF269.24@eJ813 | |
| 中国战略性新兴产业研究与发展.通用航空= R&D of china's strategic new industries.General aviation/金伟, 高远洋主编.-北京:机械工业出版社,2021.01 |
| XVIII, 382页:图;24cm |
| 国家出版基金项目 |
| ISBN 978-7-111-67219-7:CNY178.00 |
| 本书共分为基础篇、国际篇、产业篇、园区篇、政策篇、展望篇, 共6大部分18章, 从通用航空概念、内涵及其产业链出发, 阐述了全球主要发达国家和地区通用航空产业的发展情况, 总结了先进国家的发展经验, 详述了我国通用航空的产业现状, 并从产业总体情况、制造、运营、服务、通用机场及地面保障、通用航空小镇、飞行营地和低空开放及其他政策环境方面进行了深入分析, 总结了通用航空产业的发展经验, 剖析了影响通用航空产业发展的因素, 指出了通用航空产业发展的机遇与面临的挑战。 |
| ● |
| 相关链接 |
|
|
|
正题名:中国战略性新兴产业研究与发展
索取号:F269.24/J813
 
预约/预借
| 序号 | 登录号 | 条形码 | 馆藏地/架位号 | 状态 | 备注 |
| 1 | 1539845 | 215398451 | 社科库409/409社科库 81排3列5层/ [索取号:F269.24/J813] | 在馆 |